played in 4 league (england, spain, italy and france) - Statistics

General Stats
  • This quiz has been taken 360 times
    355 since last reset
  • The average score is 2 of 14
Answer Stats
Hint Answer % Correct
france henry
67%
england beckham
49%
egypt mido
28%
france anelka
26%
argentina heinze
17%
norway carew
15%
mali sissoko
12%
holland kluivert
8%
france karembeu
3%
portugal tiago
3%
france dalmat
1%
romania raducioiu
1%
sweden wilhelmsson
1%
france sinama pongolle
0%
No matching quizzes found
Score Distribution
Percent of People with Each Score
Percentile by Number Answered
Your Score History
You have not taken this quiz since the last reset